00597 2200217 4500001002100000005001500021035002000036007000300056008004100059020001800100082001200118084001800130100002200148245009700170250001100267260003400278300003700312650001000349990000900359990001100368INLIS00000000001003920220330104525 a0010-0122000240ta220330 g 0 ind  a9789790451094 a746.662 a746.662 ATM b0 aATMOJO, Heriyanto1 aBatik Tulis Tradisional Kauman, Solo :bPesona Budaya nan Eksotik /cHeriyanto Atmojo, S. Sn aCet. 1 aSolo :bTiga Serangkai,c2008 a112 hlm :b.ilus ;c21,5 x 30 cm 4aBATIK a5828 a5828 a